000
00211nam a2200097Ia 4500
008
240331s9999 xx 000 0 und d
082
_b
ALL
100
_a
Suntharamoorthy, R. ed
245
0
_a
Alli kathai
942
_c
L
999
_c
3857
_d
3857